000 00422nam a2200193Ia 4500
005 20250425161419.0
008 250425s9999 xx 000 0 und d
020 _a9581602011
041 _aspa
082 _a863
100 _aDI MONA, JOSEPH
245 0 _aNIDO DE AGUILAS
250 _a1A ED.
260 _aArgentina
_bEMECE
_c1981
260 _aBUENOS AIRES
300 _a249
942 _c01
010 _a19739
999 _c208743
_d208743